| 000 | 00969nam a22001937a 4500 | ||
|---|---|---|---|
| 999 |
_c59205 _d59205 |
||
| 003 | Ge_BSU | ||
| 005 | 20221214104352.0 | ||
| 008 | 221214s1960ge xxu||||| |||| 00| 0 geo d | ||
| 041 | _ageo | ||
| 080 | _a016:908(479.22) ა-97 | ||
| 100 |
_aახვლედიანი, ხ., ავტ. _916394 |
||
| 245 |
_aსამხრეთ საქართველოს ბიბლიოგრაფია / _c ხ.ახვლედიანი, [ვ. გოგოლაძის რედ. და შესავალი წერილით]. |
||
| 264 |
_aბათუმი : _b [აჭარის სახელგამი], _c1960. |
||
| 300 |
_a628 გვ. ; _b26 სმ. |
||
| 546 | _aდამატ. თავფურც. რუს. ენ. | ||
| 653 | _aსამხრეთ საქართველო -- ბიბლიოგრაფია. | ||
| 700 |
_aგოგოლაძე, ვ _eრედაქტორი _93490 |
||
| 942 |
_2udc _cBK |
||